000
00273nas a2200121Ia 4500
008
150201s2012 xx 000 0 und d
245
_a
ANNALS OF ANATOMY
260
_c
2012
310
_a
Bio-Monthly
500
_a
INTERNATIONAL
650
_a
Human Anatomy
942
_2
ddc
_c
LJ
999
_c
6224
_d
6224